000 01027cam a2200301 4500
001 3141073
003 ARRUPE
005 20150324132206.0
008 730507t19741973nyua 001 0 eng
010 _a 73006636
020 _a039471976X
040 _aDLC
_cDLC
_dDLC
041 1 _aengund
043 _an-us---
050 0 0 _aPS586
_b.Q37 1974
082 0 0 _a811/.008
100 1 _aQuasha, George, (comp)
_ecomp.
_915947
245 1 0 _aAmerica, a prophecy,
_ba new reading of American poetry from pre-Columbian times to the present.
_cEdited by George Quasha and Jerome Rothenberg.
260 _aNew York,
_bVintage Books
_c[1974, c1973]
300 _axxxviii, 603 p.
_billus.
_c21 cm.
350 _a$3.95
650 0 _aAmerican poetry.
_915948
650 0 _aIndian poetry
_xTranslations into English.
_915949
650 0 _aAmerican poetry
_xHistory and criticism.
_915950
700 1 _aRothenberg, Jerome,
_d1931-
_ejoint comp.
_915951
906 _a7
_bcbc
_corignew
_d1
_eocip
_f19
_gy-gencatlg
942 _2lcc
_cMONOGRAPH
999 _c122322
_d122322